Responses for Show #7293 - Wednesday, May 4, 2016

2016 Teachers Tournament quarterfinal game 3.

Contestants

[<< previous game]

Ian Miller, a high school history, government, and economics teacher from Woodland Hills, California

Hannah Krug, a high school math and physics teacher from Laurel, Maryland

Jill Gilbert, a middle school English teacher from Des Moines, Iowa

[next game >>]

Jeopardy! Round responses

IN THE D.C. AREA
TOYS
SCRAMBLED EGG-LAYERS
(Alex: This is a whole category of anagrams.)
BESTSELLERS
LET'S TALK ABOUT "X"
(Alex: And finally, in honor of Mother's Day...)
WE LOVE YOU, MOM!
    $200 2
Arlington National Cemetery

Ian
    $200 11
Raggedy Ann

Jill
    $200 26
flamingo

Hannah
    $200 21
(John) Grisham

Hannah
    $200 1
xenon

Hannah
    $200 16
Johnny Depp

Ian
    $400 7
Jefferson

Hannah
    $400 12
Matchbox

Hannah
    $400 27
partridge

Jill
    $400 22
(Alex: Yeah, we'll accept that. You kind of slurred poor Lady Chatterley there, but, uh, go again.)

Lady Chatterley's Lover

Jill
    $400 3
xenophobia

Jill
    $400 17
]Alex reads "ACM" as "Academy of Country Music".]

Taylor Swift

Triple Stumper
    $1,600 8
(Hannah: Where is the American History Museum?)

the National Archives

Hannah
    $600 13
an Easy-Bake Oven

Ian
    $600 28
albatross

Triple Stumper
    $600 23
Rosemary's Baby

Jill
    $600 4
the x-axis

Jill
    $600 18
Kevin Spacey

Jill
    $800 9
the Korean War

Jill
    $800 14
a Slinky

Jill
    $800 29
hummingbird

Triple Stumper
    $800 24
Lolita

Hannah
    $800 5
a xylophone

Jill
    $800 19
Lou Gehrig

Hannah
    $1000 10
(Ian: What's the Washington Monument?)

the National Christmas Tree

Ian
Triple Stumper
    $1000 15
a Frisbee

Triple Stumper
    $1000 30
sandpiper

Triple Stumper
    $1000 25
The Alchemist

Jill
    $1000 6
(Francis) Xavier

Hannah
    $1000 20
(Hannah: Who is Freddie Mercury?)

David Bowie

Hannah
Triple Stumper

Scores at the first commercial break (after clue 15):

Jill Hannah Ian
$3,600 $400 -$200

Scores at the end of the Jeopardy! Round:

Jill Hannah Ian
$6,600 $1,400 $0

Double Jeopardy! Round responses

GRAVE MATTERS
MUSICAL THEATER
U.S. GEOGRAPHY
ROMAN AROUND
"O" 2"B"
(Alex: ...each correct response will contain the letters "O", "B", "B", in that order.)
JUNG
    $400 12
Copernicus

Hannah
    $400 6
Cabaret

Jill
    $400 1
Erie

Ian
    $400 19
Mark Antony

Ian
    $400 24
a bobby

Jill
    $400 11
(Sigmund) Freud

Hannah
    $800 13
Billy the Kid

Ian
    $800 7
Kinky Boots

Hannah
    $2,000 2
(Alex: [*] here in Southern California. Right.)

Mount Whitney

Ian
    $800 20
Claudius

Jill
    $800 25
wobble

Jill
    $800 15
(Hannah: What is Austria?)
(Ian: What is Germany?)

Switzerland

HannahIan
Triple Stumper
    $1200 14
(Hannah: Who are the Sinatras?)

the Coles (Nat King and his daughter, Natalie)

JillHannah
    $1200 8
South Pacific

Hannah
    $1200 3
(Hannah: What is Lexington?)
(Jill: What is Concord?)

Manchester

JillHannah
Triple Stumper
    $1200 21
Cisalpine Gaul

Triple Stumper
    $1200 26
a cobbler

Jill
    $1200 16
complex

Triple Stumper
    $1600 17
"Quoth the raven, 'Nevermore'"

Hannah
    $1600 9
Matilda

Jill
    $1600 4
the Sonora

Ian
    $1,400 22
(Alex: [*] is the one, yes. Put to death by the sword.)

Cicero

Jill
    $1600 27
robbery

Jill
    $1600 29
introverts & extroverts

Hannah
    $2000 18
Jonestown

Ian
    $2000 10
Promises, Promises

Triple Stumper
    $2000 5
the Red River

Hannah
    $2000 23
"as long as they fear me"

Ian
    $2000 28
clobberin' time

Hannah
    $2000 30
(Hannah: What is psychology?)
(Alex: [Inhales sharply] Luh--give me a little more.)
(Hannah: What is A.P. psychology?)
(Alex: [Mumbles] No.)
(Hannah: What is human psychology?)
(Alex: No. Ian.)
(Ian: What is applied psychology?)

analytical psychology

HannahIan
Triple Stumper

Scores at the end of the Double Jeopardy! Round:

Jill Hannah Ian
$14,800 $6,200 $6,400
(lock game)

Final Jeopardy! Round responses

THE SOLAR SYSTEM
(Alex: [To Jill] No. The planet that we tend to associate with women?)
(Jill: [*].)
(Alex: [*]. Yes. Isn't it easier after we get the response out there?)
HannahWhat is Mars?
$6,199
IanWhat is PluI
$6,400
JillWhat is ganymede?
$0
Venus

Final scores:

Jill Hannah Ian
$14,800 $1 $0
Automatic semifinalist 2nd place: $5,000 if eliminated 3rd place: $5,000 if eliminated

Game dynamics:

Coryat scores:

Jill Hannah Ian
$15,000 $7,800 $5,200
20 R
(including 1 DD),
1 W
16 R,
6 W
(including 1 DD)
10 R
(including 1 DD),
3 W

Combined Coryat: $28,000

[game clues] [game scores] [suggest correction]

Game tape date: 2016-02-24
The J! Archive is created by fans, for fans. Scraping, republication, monetization, and malicious use prohibited; this site may use cookies and collect identifying information. See terms. The Jeopardy! game show and all elements thereof, including but not limited to copyright and trademark thereto, are the property of Jeopardy Productions, Inc. and are protected under law. This website is not affiliated with, sponsored by, or operated by Jeopardy Productions, Inc. Join the discussion at JBoard.tv.